|
|
|
|
| LEADER |
00000nab a2200000 a 4500 |
| 001 |
vtls000812685 |
| 003 |
SK-MaSNL |
| 005 |
20260304142525.0 |
| 008 |
250505c2002 xo 0 slo |
| 015 |
|
|
|a SNBRB2002/11-33986
|
| 035 |
|
|
|a CLN000164340
|
| 035 |
|
|
|a urn:nbn:sk:snk-ab7amw
|
| 035 |
|
|
|a (uuid)87347087-a687-483b-b94d-17ec58c21a0b
|
| 035 |
|
|
|a (urnnbn)urn:nbn:sk:snk:ar-a07ds8
|
| 035 |
|
|
|a (sysno)vtls000812685
|
| 040 |
|
|
|a SNKBUCL
|b slo
|c SNKBUCL
|e AACR2
|
| 041 |
0 |
|
|a slo
|
| 044 |
|
|
|a xo
|c SK
|
| 080 |
|
|
|a 575.852:57.08(048)
|2 1997
|
| 245 |
0 |
0 |
|a Techniques in molekular systematics and evolution
|
| 650 |
0 |
7 |
|a evolučná biológia
|2 snkbucl
|9 67383
|
| 650 |
0 |
7 |
|a molekulárne techniky
|2 snkbucl
|9 1462287
|
| 650 |
0 |
7 |
|a monografie
|2 snkbucl
|9 256509
|
| 655 |
|
7 |
|a recenzie
|2 snkbucl
|9 21907
|
| 773 |
0 |
|
|t Eurorehab
|g Roč. 12, č. 3 (2002), s. 174
|x 1210-0366
|
| 787 |
0 |
8 |
|i Rec.:
|a DeSalle, R.
|t Techniques in molecular systematics and evolution
|d Basel : Birkhäuser Verlag, 2002
|z 376436257X
|
| 850 |
|
|
|a Slovenská národná knižnica
|
| 852 |
|
|
|a Slovenská národná knižnica
|
| 954 |
|
|
|a odborná, vedecká literatúra pôvodná (slovenská)
|2 lita
|
| 958 |
|
|
|a article27
|
| 958 |
|
|
|a OND
|
| 958 |
|
|
|a RC
|
| 958 |
|
|
|a EUIPO
|
| 999 |
|
|
|c 2921766
|d 2923696
|